[Event "Werfen op"]
[Site "Werfen"]
[Date "1994.??.??"]
[Round "?"]
[White "Juergens, Klaus"]
[Black "Staller, Peter"]
[Result "1/2-1/2"]
[WhiteElo "2120"]
[BlackElo "2385"]

1.Nf3 d5 2.c4 c6 3.g3 Nf6 4.Bg2 Bg4 5.Ne5 Bf5 6.cxd5 cxd5 7.Qa4+ Nbd7 8.g4 Qc7
9.Nc3 Qxe5 10.gxf5 Rc8 11.d4 Qxf5 12.Qxa7 e6 13.Qxb7 Rb8 14.Qc7 Bb4 15.Bd2 O-O
16.O-O Qc2 17.Qf4 Qxb2 18.Rab1 Qa3 19.Rb3 Qa6 20.Rfb1 Bd6 21.Qf3 Rxb3 22.axb3 Bb4
23.Bf1 Qa5 24.Qd3 Rb8 25.Bf4 Rc8 26.Na4 Ne4 27.e3 Ndf6 28.Rb2 h6 29.Qa6 Qd8
30.Bd3 Nh5 31.Bg3 Nhxg3 32.hxg3 Nd6 33.Rc2 Rxc2 34.Bxc2 g6 35.Nc5 Qc7 36.Nd3 Qxc2
37.Nxb4 Qb1+ 38.Kg2 Qe4+ 39.Kg1  1/2-1/2

[Event "Werfen op"]
[Site "Werfen"]
[Date "1994.??.??"]
[Round "?"]
[White "Neckar, Lubomir"]
[Black "Krachler, Guenther"]
[Result "1/2-1/2"]
[WhiteElo "2360"]
[BlackElo "2000"]

1.Nf3 d5 2.c4 c6 3.g3 Nf6 4.Bg2 e6 5.b3 Nbd7 6.Bb2 Bd6 7.d4 O-O 8.O-O Qe7
9.Ne5 c5 10.cxd5 exd5 11.Nxd7 Bxd7 12.Nc3 Bc6 13.e3 Rad8 14.Ne2 h5 15.dxc5 Bxc5
16.Nd4 Bd7 17.a3 h4 18.Qf3 hxg3 19.hxg3 Qe4  1/2-1/2

[Event "Werfen op-B"]
[Site "Werfen"]
[Date "1994.??.??"]
[Round "9"]
[White "Ortner, Ronald"]
[Black "Humenberger, Severin"]
[Result "0-1"]
[WhiteElo "1755"]
[BlackElo "1860"]

1.Nf3 d5 2.c4 d4 3.b4 e6 4.Ne5 Bd7 5.Nxd7 Nxd7 6.Qa4 Nf6 7.g3 c6 8.Bg2 Bd6
9.Bb2 e5 10.c5 Bc7 11.O-O a5 12.d3 axb4 13.Qxb4 Ra5 14.Rc1 Rb5 15.Qd2 Ba5
16.Qc2 Rxc5 17.Qd1 O-O 18.Nd2 Bxd2 19.Qxd2 Qa5 20.Qxa5 Rxa5 21.Rc4 Rb8 22.Rb4 c5
23.Rb3 b5 24.a4 b4 25.Bc6 Rb6 26.Bb5 Kf8 27.Rc1 Ke7 28.Rc2 Nd5 29.Bc1 Nc3
30.f4 Nxb5 31.axb5 Rbxb5 32.Kf2 f6 33.Ke1 Kd6 34.fxe5+ Nxe5 35.Bf4 g5 36.Bxe5+ fxe5
37.Kf2 g4 38.e3 Rb7 39.exd4 exd4 40.Ke1 Rba7 41.Kd2 Ra2 42.Rbb2 Rxb2 43.Rxb2 Kc6
44.Kc2 Kb5 45.Kd2 Ra1  0-1

[Event "ARM-ch"]
[Site "Yerevan"]
[Date "1994.??.??"]
[Round "?"]
[White "Yegiazarian, Arsen"]
[Black "Manukian, Lernik"]
[Result "1-0"]
[WhiteElo "2400"]
[BlackElo "2345"]

1.Nf3 d5 2.c4 c6 3.d4 Nf6 4.Nc3 dxc4 5.a4 Bf5 6.Ne5 e6 7.f3 Bb4 8.Nxc4 O-O
9.Bg5 c5 10.dxc5 Qxd1+ 11.Rxd1 Bc2 12.Rc1 Bxa4 13.Bxf6 gxf6 14.Ra1 Bc6 15.Nb6 Na6
16.Nxa8 Rxa8 17.e3 Nxc5 18.Kf2 Bxc3 19.bxc3 a5 20.Be2 Kf8 21.Rhb1 Ke7 22.Bb5 Kd6
23.Ke2 a4 24.Ra2 Nb3 25.Rxb3 axb3 26.Rxa8 Bxb5+ 27.Kd2 Kc5 28.Rc8+ Bc6 29.Rd8 f5
30.Rd4 e5 31.Rb4 Bd5 32.e4 fxe4 33.fxe4 Bc4 34.Rxb7 Kc6 35.Rb8 Be6 36.h4 h5
37.Kd3 f5 38.Rb4 f4 39.c4 Bg4 40.Rxb3 Bd1 41.Rb5  1-0

[Event "Zabrzanski Wrzesien op"]
[Site "Zabrzanski Wrzesien"]
[Date "1994.??.??"]
[Round "?"]
[White "Kazek, Krzysztof"]
[Black "Osipow, Nikolaj"]
[Result "1/2-1/2"]
[WhiteElo "2310"]
[BlackElo "2225"]

1.Nf3 d5 2.c4 e6 3.g3 Nf6 4.Bg2 Be7 5.O-O O-O 6.d4 dxc4 7.Qc2 a6 8.a4 Bd7
9.Qxc4 Bc6 10.Bg5 Nbd7 11.Nc3 Ne4 12.Bxe7 Qxe7 13.Nxe4 Bxe4 14.Qxc7 Rac8
15.Qf4 Nf6 16.Rfc1 Qb4 17.Qd2 Rxc1+ 18.Qxc1 Bxf3 19.Bxf3 Qxd4 20.Ra3 Nd5  1/2-1/2

[Event "Zalakaros op"]
[Site "Zalakaros"]
[Date "1994.??.??"]
[Round "3"]
[White "Volkmann, Friedrich"]
[Black "Porubszky Angyalosine, Maria A"]
[Result "1-0"]
[WhiteElo "2315"]
[BlackElo "2135"]

1.Nf3 d5 2.c4 e6 3.g3 g6 4.Bg2 Bg7 5.O-O Ne7 6.d4 O-O 7.Qc2 Nbc6 8.Rd1 Nf5
9.e3 h5 10.h4 Re8 11.a3 a5 12.b3 Bd7 13.Bb2 Bh6 14.e4 dxe4 15.Qxe4 Bc8 16.Nc3 Bg7
17.Nb5 Nd6 18.Nxd6 cxd6 19.Qc2 Qf6 20.Re1 Bd7 21.Rad1 Rad8 22.Bc1 Qf5 23.Qxf5 gxf5
24.d5 exd5 25.Rxe8+ Rxe8 26.Rxd5 Be6 27.Rxd6 a4 28.bxa4 Bxc4 29.Rd7 Ba6 30.Bf4 Bb2
31.Bh3 Bxa3 32.Bxf5 Ne7 33.Bd3 Ng6 34.Bxa6 bxa6 35.Be3 a5 36.Rd5 Bb4 37.Bb6 Ra8
38.Rxh5 Ra6 39.Rb5 Ne7 40.Nd4 Bc3 41.Nb3 Nc6 42.Kg2 f6 43.Nc5 Ra8 44.Ne4 Be5
45.Rc5 Rc8 46.Bxa5 Bd4 47.Rc4 Be5 48.Bc3  1-0

[Event "Ibercaja op"]
[Site "Zaragoza"]
[Date "1994.??.??"]
[Round "4"]
[White "Damljanovic, Branko"]
[Black "Eslon, Jaan"]
[Result "1/2-1/2"]
[WhiteElo "2560"]
[BlackElo "2425"]

1.Nf3 d5 2.c4 c6 3.d4 Nf6 4.Nbd2 g6 5.e3 Bg7 6.Bd3 O-O 7.O-O Nbd7 8.b3 c5
9.Bb2 b6 10.Qe2 Bb7 11.Rfd1 cxd4 12.Bxd4 Nc5 13.Bxc5 bxc5 14.Rac1 dxc4 15.Bxc4 Qb6
16.Nb1 Rad8 17.Nc3 Rxd1+ 18.Rxd1 e6 19.Na4 Qc7 20.Rc1 Ng4 21.e4 Qf4 22.Qd2 Qxd2
23.Nxd2 Bd4 24.Rf1 Rd8 25.Nf3 Bc6 26.Nxd4 cxd4 27.Nc5 Ne5 28.f3 Nxc4 29.bxc4 Rb8
30.Nd3 f6 31.e5 Kf7 32.Rc1 Ke7 33.Kf2 fxe5 34.Nxe5 Rb2+ 35.Kg3 Kd6 36.Nf7+ Kc7
37.Rd1 Rxa2 38.Rxd4 a5 39.Ng5 Re2 40.Nxh7 a4 41.Ng5 e5 42.Rd1 Be8 43.Ne6+ Kc6
44.Ra1 Kd6 45.Ng5 Kc5 46.Ne4+ Kb4 47.Rb1+ Ka5 48.Rb8 Bc6 49.Nc3 Rc2 50.Nxa4 Kxa4
51.Rg8 e4 52.Rxg6 exf3 53.Rxc6 fxg2 54.Ra6+ Kb4 55.Ra1 Kxc4 56.Rd1 Ra2 57.h4 Kc5
58.h5 Re2 59.Kf3 Re5 60.Kg4 Re8 61.Rg1 Rg8+ 62.Kf5 Kd4  1/2-1/2

[Event "Ibercaja op"]
[Site "Zaragoza"]
[Date "1994.??.??"]
[Round "5"]
[White "Ubilava, Elizbar"]
[Black "San Segundo, Pablo"]
[Result "1/2-1/2"]
[WhiteElo "2535"]
[BlackElo "2470"]

1.Nf3 d5 2.c4 e6 3.g3 c6 4.b3 Nf6 5.Bg2 a5 6.O-O a4 7.bxa4 Qa5 8.cxd5 exd5
9.Nc3 Bb4 10.Bb2 Nbd7 11.Bh3 O-O 12.Nd4 Ne5 13.Bxc8 Rfxc8 14.Rb1 Re8 15.Ba1 Nc4
16.Nc2 Bc5 17.d3 d4 18.Nd5 Nd2 19.Nc7 Nxb1 20.Nxe8 Rxe8 21.Qxb1 Qxa4 22.e3 dxe3
23.Nxe3 Qa7  1/2-1/2

[Event "Ibercaja op"]
[Site "Zaragoza"]
[Date "1994.??.??"]
[Round "6"]
[White "Damljanovic, Branko"]
[Black "Komljenovic, Davor"]
[Result "1-0"]
[WhiteElo "2560"]
[BlackElo "2470"]

1.Nf3 d5 2.c4 c6 3.d4 Nf6 4.e3 e6 5.Bd3 Ne4 6.Nbd2 f5 7.Ne5 Qh4 8.O-O Bd6
9.cxd5 exd5 10.f3 Nc5 11.dxc5 Bxe5 12.f4 Bc7 13.b4 O-O 14.Bb2 Qe7 15.Rf3 Nd7
16.Rg3 Nf6 17.Bd4 Bd7 18.Nf3 g6 19.Ng5 Rae8 20.Rh3 h5 21.Rg3 Ng4 22.Qd2 Rf7
23.h3 Nf6 24.Nxf7 Kxf7 25.a4 Ne4 26.Bxe4 dxe4 27.b5 Bd8 28.a5 cxb5 29.a6 Be6
30.Qb2 Rg8 31.Qxb5 bxa6 32.Rxa6 h4 33.Rg5 Bc8 34.Qb3+ Be6 35.Qa4 Kf8 36.Rxa7 Qe8
37.Qa6 Bf7 38.Ra8  1-0

[Event "Zuerich op2"]
[Site "Zuerich"]
[Date "1994.??.??"]
[Round "1"]
[White "Barbero, Gerardo F"]
[Black "Leutwyler, Martin"]
[Result "1-0"]
[WhiteElo "2480"]
[BlackElo "2210"]

1.Nf3 d5 2.c4 e6 3.b3 Nf6 4.g3 Be7 5.Bg2 O-O 6.O-O c5 7.e3 Nc6 8.Bb2 d4 9.exd4 cxd4
10.Re1 Ne8 11.d3 f6 12.Ba3 e5 13.Bxe7 Qxe7 14.a3 a5 15.Nfd2 Qc7 16.Ra2 Bd7
17.Rb2 Nd8 18.b4 axb4 19.axb4 Bc6 20.Nf3 b6 21.Nbd2 Nd6 22.Qb1 b5 23.c5 Nf5
24.Ra2 Nf7 25.Qb3 Ne7 26.Rea1 Qb7 27.Ne1 Bxg2 28.Nxg2 f5 29.Ra5 Rxa5 30.Rxa5 Ra8
31.Qe6 Rxa5 32.bxa5 Kf8 33.Qb6 Qd7 34.a6 Nc8 35.Qb7 Ke8 36.c6 Qd8 37.a7  1-0

[Event "Aceimar op"]
[Site "Aceimar"]
[Date "1995.??.??"]
[Round "?"]
[White "Antunes, Antonio"]
[Black "Hector, Jonny"]
[Result "1/2-1/2"]
[WhiteElo "2530"]
[BlackElo "2510"]

1.Nf3 d5 2.c4 c6 3.cxd5 cxd5 4.d4 Nf6 5.Nc3 Nc6 6.Bf4 Bf5 7.e3 e6 8.Ne5 Nxe5
9.Bxe5 Nd7 10.Bg3 a6 11.Bd3 Bxd3 12.Qxd3 Be7 13.O-O O-O 14.Rfc1 Qa5 15.Rc2 Rfc8
16.Rac1 Rc6 17.f3 Rac8 18.Be1 Nb6 19.a3 Nc4 20.Qe2 Qb6 21.Nd1 Qb5 22.Nc3 Qb3
23.Nd1 h6 24.Rc3 Qb6 25.R3c2 Bg5 26.Rc3 f5 27.Bf2 Qb5 28.R1c2 Bd8 29.a4 Qb6
30.Be1 f4 31.exf4 Qxd4+ 32.Bf2 Qxf4 33.b3 Ne5 34.Bg3 Qd4+ 35.Bf2 Qf4 36.Bg3 Qd4+  1/2-1/2

[Event "Aceimar op"]
[Site "Aceimar"]
[Date "1995.??.??"]
[Round "?"]
[White "Paunovic, Dragan"]
[Black "De la Villa Garcia, Jesus Maria"]
[Result "1/2-1/2"]
[WhiteElo "2460"]
[BlackElo "2500"]

1.Nf3 d5 2.c4 dxc4 3.e3 Nf6 4.Bxc4 e6 5.d4 c5 6.O-O a6 7.Bd3 Nbd7 8.Qe2 b6
9.Nbd2 Bb7 10.Rd1 Be7 11.Nc4 b5 12.Nce5 Nxe5 13.Nxe5 Qd5 14.f3 Bd6 15.Bxb5+ axb5
16.e4 Nxe4 17.fxe4 Qxe4 18.Qxb5+ Kf8 19.Qf1 Bxe5 20.dxe5 Bd5 21.Qf2 Qxe5
22.Bf4 Qh5 23.Rd3 h6 24.Rh3 Qf5 25.Bd6+ Kg8 26.Qxf5 exf5 27.Bxc5 Rxa2 28.Rxa2 Bxa2
29.Ra3 Bd5 30.Rd3 Bc4 31.Rd8+ Kh7 32.Rxh8+ Kxh8 33.g3 Kh7 34.b4 Kg6 35.Bf8 h5
36.Kf2 Kf6 37.h4 g6 38.Ke3 Ke5 39.Bc5 Bb5 40.Bd4+ Kd5 41.Bf6 Kc4 42.Be7 Kd5
43.Kf4 Ke6 44.Bc5 Kd5 45.Be7 Ke6  1/2-1/2

[Event "Aegina op"]
[Site "Aegina"]
[Date "1995.??.??"]
[Round "9"]
[White "Kourkounakis, Ilias"]
[Black "Botsari Miladinovic, Anna Maria"]
[Result "0-1"]
[WhiteElo "2400"]
[BlackElo "2320"]

1.Nf3 d5 2.c4 e6 3.g3 Nf6 4.Bg2 Be7 5.O-O O-O 6.b3 c5 7.e3 Nc6 8.Qe2 d4 9.exd4 cxd4
10.Ne5 Nxe5 11.Qxe5 Nd7 12.Qe2 a5 13.d3 a4 14.Na3 axb3 15.axb3 Qb6 16.Qd1 e5
17.f4 exf4 18.gxf4 Ra6 19.Bb2 Bf6 20.Nb5 Nc5 21.b4 Rxa1 22.Bxa1 Na6 23.Qa4 Bd7
24.Bb2 Ra8 25.Qa5 Qxa5 26.bxa5 Nb4 27.Ra1 Nxd3 28.Bxb7 Nxb2 29.Bxa8 Nxc4
30.a6 Bxb5 31.a7 d3 32.Bc6 Bd4+ 33.Kf1 Ne3+ 34.Kf2 Nc2+ 35.Kg3 Bxa7 36.Rxa7 Bxc6
37.Rc7 Be8 38.Rc8 Kf8 39.Rd8 Nb4 40.Rd4 Ba4 41.Kf2 Bc2  0-1

[Event "Alma Ata"]
[Site "Alma Ata"]
[Date "1995.??.??"]
[Round "8"]
[White "Dzuban, Oleg I"]
[Black "Barua, Dibyendu"]
[Result "1/2-1/2"]
[WhiteElo "2440"]
[BlackElo "2515"]

1.Nf3 d5 2.c4 d4 3.e3 dxe3 4.fxe3 g6 5.Nc3 Bg7 6.d4 c5 7.Be2 Nh6 8.d5 O-O
9.e4 Ng4 10.Bf4 Nd7 11.Qd2 a6 12.O-O Nge5 13.Kh1 Qb6 14.Rac1 Qb4 15.Qc2 Qb6
16.a3 Nxf3 17.gxf3 Bd4 18.Bh6 Re8 19.Na4 Qc7 20.b4 b6 21.Qd2 Ne5 22.Be3 Bxe3
23.Qxe3 Bd7 24.Nb2 f6 25.f4 Nf7 26.Nd3 Rac8 27.Bf3 e6 28.bxc5 bxc5 29.Qd2 exd5
30.cxd5 c4 31.Rc3 Qa5 32.Nf2 Nd6 33.Qc1 Qc5 34.Qd2 Nb5 35.Rfc1 Nxc3 36.Rxc3 Rb8
37.e5 fxe5 38.Ne4 Rb1+ 39.Rc1 Qxa3 40.Rxb1 Qxf3+ 41.Qg2 Qxg2+ 42.Kxg2 Bf5
43.Nf6+ Kf7 44.Rb6 Rc8 45.fxe5 g5 46.Rb7+ Kg6 47.Rb6 Kg7 48.Rb7+ Kh6 49.Rb6 c3
50.Ne4+ Bg6 51.Nxc3 Rxc3 52.d6 Rd3 53.e6 Kg7 54.Rxa6 g4 55.Kf2 Rd1 56.Rb6 Rd4
57.Ra6 Rd1 58.Kg2 Rd3 59.Kg1 Rd2 60.Rb6 Rd5 61.Kf2 Rd3 62.Ra6 Kf6 63.e7 Ke6
64.Ra8  1/2-1/2

[Event "Altensteig"]
[Site "Altensteig"]
[Date "1995.??.??"]
[Round "4"]
[White "Dautov, Rustem"]
[Black "Luther, Thomas"]
[Result "1/2-1/2"]
[WhiteElo "2620"]
[BlackElo "2550"]

1.Nf3 d5 2.c4 e6 3.d4 Nf6 4.Nc3 Bb4 5.cxd5 exd5 6.Bg5 Nbd7 7.Qc2 c5 8.dxc5 h6
9.Bd2 Bxc5 10.e3 a6 11.Bd3 Ba7 12.Ne2 Nc5 13.Bb4 Qb6 14.Bxc5 Qxc5 15.Rc1 Qxc2
16.Rxc2 O-O 17.O-O Bg4 18.h3 Bxf3 19.gxf3 Rfc8 20.Rfc1 Rxc2 21.Rxc2 Ne8 22.h4 Rd8
23.h5 Kf8 24.Kg2 d4 25.e4 Bb8 26.Kh3 Nf6 27.Kh4 Ke7 28.Rc4 g5+ 29.hxg6 fxg6
30.f4 g5+ 31.Kh3 Bxf4 32.Nxf4 gxf4 33.Rc5 Nd7 34.Rd5 Nf6 35.Re5+ Kd6 36.Rf5 Nd7
37.Rd5+ Ke7 38.Kg2 Rf8 39.Bc4 Nb6 40.Rxd4 Nxc4 41.Rxc4 f3+ 42.Kg3 Kd6 43.Rc3 Ke5
44.Rxf3 Rg8+ 45.Kh4 Kxe4 46.Rf7 b5 47.Rf6 Rg2 48.Kh5 a5 49.Kxh6 a4 50.a3 Kd3  1/2-1/2

[Event "Amantea op"]
[Site "Amantea"]
[Date "1995.??.??"]
[Round "6"]
[White "Zlochevskij, Alexander"]
[Black "Giorgadze, Giorgi"]
[Result "0-1"]
[WhiteElo "2465"]
[BlackElo "2605"]

1.Nf3 d5 2.c4 e6 3.g3 g6 4.Bg2 Bg7 5.O-O Ne7 6.d4 Nbc6 7.e3 O-O 8.Nc3 dxc4
9.Nd2 e5 10.d5 Na5 11.b4 e4 12.Ndb1 b5 13.Bxe4 Nb7 14.a4 Nd6 15.Bg2 Bf5 16.Bd2 a5
17.axb5 axb4 18.Rxa8 Qxa8 19.e4 bxc3 20.Bxc3 Bxc3 21.Nxc3 Qa5 22.Qa1 Qxa1
23.Rxa1 Bd7 24.Ra4 Rb8 25.h3 Nxb5 26.Rxc4 c6 27.d6 Nc8 28.e5 Nb6 29.Rc5 Nxc3
30.Rxc3 Na4 31.Rc4 c5 32.Bd5 Nb6 33.Rxc5 Nxd5 34.Rxd5 Bxh3 35.Kh2 Be6 36.Rc5 h5
37.Kg2 Rb3 38.f4 Kg7 39.Ra5 g5 40.Ra4 Rd3 41.fxg5 Kg6 42.Rf4 Kxg5 43.Kf2 Rd5
44.Re4 Kf5 45.Rh4 Kxe5  0-1

[Event "Andorra op"]
[Site "Andorra"]
[Date "1995.??.??"]
[Round "3"]
[White "Bolding, Klaus"]
[Black "Antunes, Antonio"]
[Result "1/2-1/2"]
[WhiteElo "2290"]
[BlackElo "2525"]

1.Nf3 d5 2.c4 c6 3.g3 Nf6 4.Bg2 Bg4 5.Qb3 Qb6 6.Qxb6 axb6 7.Ne5 Be6 8.b3 g6
9.d4 Bg7 10.Nc3 dxc4 11.bxc4 Nfd7 12.f4 Nxe5 13.fxe5 Bxc4 14.Rb1 Nd7 15.O-O O-O
16.a4 Rfd8 17.Rb4 Ba6 18.Bg5 f6 19.exf6 Bxf6 20.Ne4 Bxe2 21.Rf2 Ba6 22.Bxf6 Nxf6
23.Nxf6+ exf6 24.Rxf6 c5 25.Rbxb6 cxd4 26.Bxb7 Bxb7 27.Rxb7 d3 28.Rff7 d2
29.Rg7+ Kf8 30.Rgf7+  1/2-1/2

[Event "Andorra op"]
[Site "Andorra"]
[Date "1995.??.??"]
[Round "5"]
[White "Bolding, Klaus"]
[Black "Qvortrup, Jon"]
[Result "1-0"]
[WhiteElo "2290"]
[BlackElo "2210"]

1.Nf3 d5 2.c4 c6 3.b3 e6 4.Bb2 f5 5.g3 Nf6 6.Bg2 Bd6 7.O-O Qe7 8.cxd5 cxd5
9.Nc3 Nc6 10.Nb5 Bb8 11.Ba3 Qd7 12.Rc1 e5 13.Qc2 a6 14.Nc3 e4 15.Ng5 Nd4
16.Qb2 Be5 17.d3 h6 18.f4 Nxe2+ 19.Qxe2 Bd4+ 20.Kh1 hxg5 21.dxe4 fxe4 22.fxg5 Rxh2+
23.Kxh2 g6 24.Rf4 Qh7+ 25.Rh4 Nh5 26.Nxe4 Nxg3 27.Nf6+  1-0

[Event "Juan Fontclara mem"]
[Site "Asuncion"]
[Date "1995.??.??"]
[Round "1"]
[White "Sieiro Gonzalez, Luis"]
[Black "Andres, Miguel"]
[Result "1/2-1/2"]
[WhiteElo "2385"]
[BlackElo "2325"]

1.Nf3 d5 2.c4 Nf6 3.d4 dxc4 4.e3 e6 5.Bxc4 c5 6.O-O Nc6 7.dxc5 Qxd1 8.Rxd1 Bxc5
9.a3 O-O 10.b4 Be7 11.Bb2 Bd7 12.Nc3 Rfd8 13.Kf1 Be8 14.Ke2 Rxd1 15.Rxd1 Rd8
16.Rxd8 Nxd8  1/2-1/2

[Event "AUT-chT2S 9495"]
[Site "?"]
[Date "1995.??.??"]
[Round "11"]
[White "Kastner, Walter"]
[Black "Egartner, Wolfgang"]
[Result "1/2-1/2"]
[WhiteElo "2220"]
[BlackElo "2175"]

1.Nf3 d5 2.c4 e6 3.d4 b6 4.Nc3 Nf6 5.Bg5 Be7 6.cxd5 exd5 7.Qa4+ c6 8.e3 O-O
9.Bd3 Bb7 10.Ne5 Nfd7 11.Nxd7 Nxd7 12.Bxe7 Qxe7 13.O-O Rfe8 14.Rac1 Nf6 15.Ba6 Bxa6
16.Qxa6 Rad8 17.Rfd1  1/2-1/2

[Event "AUT-chT9495"]
[Site "?"]
[Date "1995.??.??"]
[Round "?"]
[White "Weiss, Christian"]
[Black "Sommerbauer, Norbert"]
[Result "0-1"]
[WhiteElo "2250"]
[BlackElo "2370"]

1.Nf3 d5 2.c4 e6 3.g3 Nf6 4.Bg2 dxc4 5.Qa4+ Nbd7 6.Qxc4 c5 7.O-O b6 8.b4 Bb7
9.bxc5 Bxc5 10.Bb2 O-O 11.Qh4 Be7 12.Nc3 Rc8 13.Rac1 Bxf3 14.Bxf3 Ne5 15.Nb1 Nxf3+
16.exf3 Qd5 17.Qa4 Rxc1 18.Rxc1 Qxf3 19.Bxf6 Bxf6 20.Qxa7 Bd4 21.Rf1 h5 22.Qa3 Qe2
23.Qd6 e5 24.Qd5 Rc8 25.Kg2 h4 26.Qd7 Qe4+ 27.Kg1 Ra8 28.a3 hxg3 29.hxg3 Qd3
30.Qh3 Re8 31.Re1 Re6 32.Kg2 Qc2 33.Qg4 Rf6 34.Rf1 Qc6+ 35.f3 Rh6 36.Qe4 Qc8
37.g4 Qd8 38.Rc1 g6 39.Qe1 Qg5 40.Qg3 e4 41.Rf1 Rh4  0-1

[Event "AUT-chT9495"]
[Site "?"]
[Date "1995.??.??"]
[Round "?"]
[White "Fauland, Alexander"]
[Black "Chernin, Alexander"]
[Result "0-1"]
[WhiteElo "2445"]
[BlackElo "2600"]

1.Nf3 d5 2.c4 c6 3.Qb3 Nf6 4.g3 Qb6 5.Qxb6 axb6 6.b3 Na6 7.Nc3 Nb4 8.Rb1 Ne4
9.Rb2 Nxc3 10.dxc3 Nxa2 11.Bd2 dxc4 12.bxc4 Ra3 13.Bg2 Nxc3 14.O-O g6 15.Re1 Na4
16.Rbb1 Bg7 17.e4 Bg4 18.Bb4 Rxf3 19.Bxf3 Bxf3 20.h3 g5 21.Rb3 g4 22.hxg4 Bxg4
23.Ra3 b5 24.cxb5 cxb5 25.Rc1 Bb2 26.Rc7 Bxa3 27.Rxe7+ Kf8 28.Bxa3 Kg7 29.Rxb7 Be2
30.e5 Rd8 31.e6 Bc4 32.Rxf7+ Kg8 33.Rd7 Re8 34.e7 Nb6 35.Rd4 Nd5 36.Rg4+ Kf7
37.Rh4 Kg6 38.Kh2 Nxe7 39.Re4 Kf7 40.Rf4+ Ke6 41.Re4+ Kd7 42.Rh4 Bg8 43.Rg4 Nd5  0-1

[Event "AUT-chT2S 9596"]
[Site "AUT"]
[Date "1995.??.??"]
[Round "?"]
[White "Detter, Peter"]
[Black "Perhinig, Robert"]
[Result "1/2-1/2"]
[WhiteElo "2225"]
[BlackElo "2235"]

1.Nf3 d5 2.c4 e6 3.g3 g6 4.Bg2 Bg7 5.O-O Nf6 6.d4 O-O 7.Qc2 c6 8.Nbd2 Nbd7
9.b3 Re8 10.Bb2 b6 11.Rac1 Bb7 12.Rfd1 Qe7 13.e4 dxe4 14.Nxe4 Nxe4 15.Qxe4 Rad8
16.Ne5 Nxe5 17.dxe5 Rd7 18.Qe2 Red8 19.Bf3 Bh6 20.Rxd7 Qxd7 21.Rd1 Qxd1+
22.Qxd1 Rxd1+ 23.Bxd1 c5 24.h4 Kf8 25.f4 Ke7 26.Kf2 Bg7 27.Bf3 Bxf3 28.Kxf3 h5
29.g4 Bh6 30.Bc3 Kd7 31.Be1 hxg4+ 32.Kxg4 Bf8 33.h5 Bh6 34.Bg3 Ke8 35.hxg6 fxg6
36.Bh4 Kd7 37.Bf2 Kc6 38.Be3 Kd7 39.Kf3 Ke7 40.Ke4 Kd7 41.a4 a5  1/2-1/2

[Event "AUT-chT2O 9596"]
[Site "AUT"]
[Date "1995.??.??"]
[Round "4"]
[White "Sader, Michael"]
[Black "Kuba, Guenter"]
[Result "1/2-1/2"]
[WhiteElo "2305"]
[BlackElo "2160"]

1.Nf3 d5 2.c4 e6 3.g3 Nf6 4.Bg2 Bd6 5.a3 O-O 6.Qc2 c6 7.O-O e5 8.d3 Bf5 9.Nh4 Be6
10.Nd2 Qc8 11.e4 Bh3 12.cxd5 Bxg2 13.Kxg2 cxd5 14.Qxc8 Rxc8 15.exd5 Nxd5
16.Nc4 Bc7 17.Nf5 Nc6  1/2-1/2

[Event "AUT-chT2O 9596"]
[Site "AUT"]
[Date "1995.??.??"]
[Round "6"]
[White "Sader, Michael"]
[Black "Schuh, Franz"]
[Result "0-1"]
[WhiteElo "2305"]
[BlackElo "2280"]

1.Nf3 d5 2.c4 e6 3.g3 Nf6 4.Bg2 Be7 5.O-O O-O 6.d3 b6 7.b3 Bb7 8.Bb2 c5 9.a3 Nc6
10.Nbd2 Qc7 11.cxd5 exd5 12.Rc1 Rac8 13.b4 cxb4 14.axb4 Bxb4 15.Bxf6 gxf6
16.Nd4 Qd7 17.Nxc6 Rxc6 18.Rxc6 Bxc6 19.Nf3 a5 20.Nh4 a4 21.e3 Ra8 22.Qh5 Bf8
23.Nf5 a3 24.Bh3 Qd8 25.Nd4 Bd7 26.Bg2 Be6 27.e4 Qc8 28.Nxe6 Qxe6 29.exd5 Qd6
30.Qg4+ Bg7 31.Qc4 f5 32.d4 a2 33.Ra1 Qa3 34.d6 Qb2 35.Qf1 Rd8 36.Bd5 Qxd4
37.Bxf7+ Kxf7 38.Rxa2 Qxd6 39.Ra7+ Kg8 40.Qc4+ Kh8 41.Qf7 Qf6 42.Qc7 h6 43.Rb7 Rd1+
44.Kg2 Rd6 45.Rb8+ Kh7 46.Qc8 Qe6  0-1

[Event "Balatonbereny op"]
[Site "Balatonbereny"]
[Date "1995.??.??"]
[Round "3"]
[White "Hever, Miklos"]
[Black "Szirmai, Eduard"]
[Result "0-1"]
[WhiteElo "2335"]
[BlackElo "2190"]

1.Nf3 d5 2.c4 e6 3.g3 Nf6 4.Bg2 Be7 5.O-O O-O 6.b3 c6 7.Bb2 Nbd7 8.d3 Re8
9.Nc3 dxc4 10.dxc4 Qc7 11.Qc2 e5 12.Na4 Bf8 13.c5 g6 14.Rad1 Bg7 15.Qc4 Nf8
16.Qh4 Nh5 17.Rd6 Nd7 18.Rd2 Bf6 19.Qe4 Ng7 20.e3 Ne6 21.Rc1 Bg7 22.Rdd1 f5
23.Qc4 Kh8 24.b4 e4 25.Bxg7+ Kxg7 26.Qc3+ Kg8 27.Nd2 Ne5 28.Bf1 Ng5 29.Nc4 Ngf3+
30.Kg2 Be6 31.Rd6 Qg7 32.Nab2 Re7 33.Be2 Rae8 34.Nxe5 Nxe5 35.a4 Bf7 36.b5 h5
37.Nc4 Bxc4 38.Bxc4+ Kh7 39.Be2 h4 40.Qa5 Qh6 41.Qxa7 Nf3 42.Rh1 h3+ 43.Kf1 Qg7
44.bxc6 Qc3 45.Rd1 Rd8 46.Bxf3 exf3 47.Re1 Qd3+ 48.Kg1 Qe2  0-1

[Event "Balatonbereny op"]
[Site "Balatonbereny"]
[Date "1995.??.??"]
[Round "5"]
[White "Hever, Miklos"]
[Black "Porubszky Angyalosine, Maria A"]
[Result "1/2-1/2"]
[WhiteElo "2335"]
[BlackElo "2200"]

1.Nf3 d5 2.c4 c6 3.b3 Nf6 4.Bb2 e6 5.g3 Be7 6.Bg2 O-O 7.O-O Re8 8.d3 Nbd7
9.Nc3 Bf8 10.e4 dxe4 11.dxe4 e5 12.Qc2  1/2-1/2

[Event "Regionalliga SW9596"]
[Site "Bayern"]
[Date "1995.??.??"]
[Round "?"]
[White "Schlinkmeier, Karsten"]
[Black "Senner, Peter"]
[Result "1-0"]
[WhiteElo "2095"]
[BlackElo "2055"]

1.Nf3 d5 2.c4 d4 3.e3 c5 4.b4 cxb4 5.exd4 Bg4 6.Bb2 e6 7.Qb3 a5 8.Ne5 a4
9.Qe3 Bf5 10.g4 a3 11.Bc1 Bc2 12.Bg2 Qc7 13.d3 Nc6 14.Nxc6 bxc6 15.Nd2 Nf6
16.Ne4 Nxe4 17.Bxe4 Ra6 18.Qd2 b3 19.axb3 Bxb3 20.Qc3 Qb8 21.O-O a2 22.f4 Qb4
23.Bd2 Qxc3 24.Bxc3 Ba3 25.Rf2 Kd7 26.f5 f6 27.Re2 Bd6 28.fxe6+ Ke7 29.Rb2 Rb8
30.Bxh7 Kxe6 31.c5  1-0

[Event "Oberliga Bayern9495"]
[Site "Bayern"]
[Date "1995.??.??"]
[Round "4"]
[White "Schindler, Werner"]
[Black "Boehm, Uwe"]
[Result "1/2-1/2"]
[WhiteElo "2315"]
[BlackElo "2240"]

1.Nf3 d5 2.c4 c6 3.d4 Nf6 4.Qc2 e6 5.Bg5 h6 6.Bh4 Bb4+ 7.Nfd2 O-O 8.e3 Nbd7
9.Nc3 Re8 10.cxd5 exd5 11.Bd3 a5 12.O-O Bd6 13.Bg3 Nf8 14.Bxd6 Qxd6 15.Rfe1 h5
16.e4 dxe4 17.Ndxe4 Nxe4 18.Nxe4 Qd8 19.Qc5 Be6 20.Nd6 Re7 21.Nc4 g6 22.Rad1 Re8
23.Nb6 Nd7 24.Nxd7 Qxd7 25.b3 a4 26.Bc4 axb3 27.axb3 Rad8 28.h3 Bd5 29.Re5 Bxc4
30.bxc4 Rxe5 31.Qxe5 b5 32.cxb5 cxb5 33.d5 Qd6 34.Qxd6 Rxd6 35.f4 Kf8 36.Kf2 Ke7
37.Ke3 Rb6 38.Kd4 Kd6 39.Rb1 b4 40.Rb3 Rb5 41.Kc4 Rxd5 42.Rxb4 Rd2 43.g4 Rf2
44.Kd3 Rf3+ 45.Ke4 Rxh3 46.Rb6+ Ke7 47.gxh5 Rxh5 48.Kf3 Ra5 49.Rb3 Kf6 50.Rb6+ Kg7
51.Rb3 Kh6 52.Kg3 Kh5 53.Rc3 Ra1 54.Rc5+ f5 55.Rc6 Ra3+ 56.Kf2 Kg4 57.Rxg6+ Kxf4
58.Rb6 Ra2+ 59.Kf1 Kg4 60.Rb4+ f4 61.Rb3 Rc2 62.Ra3 Rh2 63.Rb3 f3 64.Rb8 Rh1+  1/2-1/2

[Event "Regionalliga SW9495"]
[Site "Bayern"]
[Date "1995.??.??"]
[Round "6"]
[White "Tibitanzl, Thomas"]
[Black "Achatz, Georg"]
[Result "0-1"]
[WhiteElo "1955"]
[BlackElo "1960"]

1.Nf3 d5 2.c4 c6 3.g3 Nf6 4.Bg2 Bf5 5.O-O e6 6.b3 Be7 7.Bb2 O-O 8.d4 Bxb1
9.Rxb1 Nbd7 10.Qc2 Qc7 11.Ne5 Rac8 12.h3 c5 13.e3 Rfd8 14.f4 cxd4 15.exd4 dxc4
16.bxc4 Nd5 17.Qf2 N5b6 18.Ba1 f6 19.Ng4 Qxc4 20.Qe3 Nf8 21.Bxb7 Rb8 22.Rbc1 Qxa2
23.Bg2 Rbc8 24.Rf2 Qa3 25.Rfc2 Rxc2 26.Qxa3 Rxg2+ 27.Kxg2 Bxa3 28.Rc7 Rd7
29.Rc6 Kf7 30.h4 Ng6 31.h5 Ne7 32.Rc3 Bb4 33.Rb3 a5 34.h6 g6 35.Nf2 Ned5
36.Kf3 Nc4 37.Ke2 Nd6 38.Nd3 Rc7 39.Kf3 Rc2 40.g4 Rh2 41.g5 Rh3+ 42.Kg4 Re3
43.Bb2 f5+ 44.Kh4 Be1+  0-1

[Event "Regionalliga NO9495"]
[Site "Bayern"]
[Date "1995.??.??"]
[Round "7"]
[White "Heinkelmann, Josef"]
[Black "Lutzky, Manfred"]
[Result "0-1"]
[WhiteElo "1940"]
[BlackElo "1995"]

1.Nf3 d5 2.c4 e6 3.d4 Nf6 4.Nc3 Be7 5.Bg5 Nbd7 6.e3 O-O 7.Qc2 Re8 8.Be2 c6
9.O-O dxc4 10.Bxc4 Nd5 11.Bxe7 Qxe7 12.Rad1 b6 13.a3 Bb7 14.Ba2 Nxc3 15.Qxc3 c5
16.dxc5 Nxc5 17.Rd4 Red8 18.Rfd1 Rxd4 19.Qxd4 Rc8 20.Bb1 Qd7 21.Bxh7+ Kh8
22.Qxd7 Nxd7 23.Bb1 Bxf3 24.gxf3 Nf6 25.Kg2 Kg8 26.Kg3 Kf8 27.e4 e5 28.Kg2 Ke7
29.Rd2 Rc1 30.Ba2 Nh5 31.Bb3 Nf4+ 32.Kg3 Rg1+ 33.Kh4 g5+  0-1

[Event "Berliner Sommer"]
[Site "Berlin"]
[Date "1995.??.??"]
[Round "3"]
[White "Moehring, Guenther"]
[Black "Tregubov, Pavel V"]
[Result "1/2-1/2"]
[WhiteElo "2325"]
[BlackElo "2490"]

1.Nf3 d5 2.c4 c6 3.b3 Bg4 4.Bb2 Bxf3 5.exf3 d4 6.f4 e6 7.g3 Ne7 8.h4 Nf5
9.Bh3 Be7 10.O-O O-O 11.d3 a5 12.Nd2 Qb6 13.Re1 Bb4 14.Bxf5 exf5 15.a3 Bxd2
16.Qxd2 Na6 17.Re5 Qxb3 18.Bxd4 Rfd8 19.Qe3 Nc7 20.Re7 Ne6 21.Rxe6 fxe6 22.Qxe6+ Kh8
23.Bxg7+ Kxg7 24.Qe7+ Kg8 25.Qe6+ Kg7  1/2-1/2